000
00299nam a22001337a 4500
008
180907b xxu||||| |||| 00| 0 eng d
020
_a
9780131453067
041
_a
eng
080
_2
4 ED
_a
575
100
_a
5
101
_a
BIO
245
_a
Principles Of Biochemistry
_c
Moran.H
942
_2
udc
_c
BK
999
_c
47604
_d
47604